| 000 | 01178nac a22002771u 4500 | ||
|---|---|---|---|
| 010 | _a 87024975 | ||
| 020 | _a0521322243 | ||
| 020 | _a0521311128 (pbk.) | ||
| 082 | 0 | 0 |
_a363.7001 _bB3488 |
| 090 |
_c4921 _d4921 |
||
| 100 | _aBaumol, William J. | ||
| 245 | 1 | 4 |
_aThe theory of environmental policy / _cWilliam J. Baumol, Wallace E. Oates ; with contributions by V.S. Bawa and David F. Bradford. |
| 250 | _a2nd ed. | ||
| 260 |
_aCambridge [Cambridgeshire] ; _aNew York : _bCambridge University Press, _c1988. |
||
| 300 |
_ax, 299 p. : _bill. ; _c24 cm. |
||
| 504 | _aIncludes bibliographical references and index. | ||
| 650 | 0 | _aEnvironmental policy. | |
| 650 | 0 | _aExternalities (Economics) | |
| 650 | 0 | _aExpenditures, Public. | |
| 650 | 0 | _aQuality of life. | |
| 700 | 1 | _aOates, Wallace E. | |
| 856 | 4 | 2 |
_3Publisher description _uhttp://www.loc.gov/catdir/description/cam023/87024975.html |
| 856 | 4 | 2 |
_3Table of contents only _uhttp://www.loc.gov/catdir/enhancements/fy0632/87024975-t.html |
| 942 |
_cTB _k363.7001B3488 |
||
| 999 |
_c4921 _d4921 |
||